000 01683cam a22002531i 4500
003 SA-RiAUC
005 20251225140855.0
008 251123q20002023su f f000 0 ara c
040 _aSA-RiDKA
_bara
_cSA-RiAUC
_erda
082 0 4 _a230.285
_qSA-RiAUC
090 _a230.285
_bر ئ ا
110 2 _aرئاسة إدارة البحوث العلمية والإفتاء والدعوة الإرشاد (السعودية)
_eمؤلف.
245 1 0 _aجامع خادم الحرمين الشريفين الملك عبد الله بن عبد العزيز للسنة النبوية المطهرة :
_bالتوصيف العلمي، مجموعات العمل، الكتيب التعريف، دليل استخدام الأجهزة والهواتف الذكية /
_cالرئاسة العامة للبحوث العلمية والإفتاء.
264 1 _a[السعودية] :
_bالرئاسة العامة للبحوث العلمية والإفتاء،
_c[بين 2000 و2023]
300 _a177 صفحة ؛
_c24 سم
336 _aنص
_btxt
_2rdacontent
_3كتاب
337 _aبدون وسيط
_bn
_2rdamedia
338 _aمجلد
_bnc
_2rdacarrier
630 0 7 _aجامع خادم الحرمين الشريفين الملك عبد الله بن عبد العزيز للسنة النبوية المطهرة (ملف حاسوب)
_vكتيبات، موجزات إرشادية، إلخ.
_2aucsh
650 7 _aالحديث
_xبرامج حاسوب
_2aucsh
730 0 _aجامع خادم الحرمين الشريفين الملك عبد الله بن عبد العزيز للسنة النبوية المطهرة (ملف حاسوب)
942 _2ddc
_cBOOK
_n0
949 _aSA-JeALM
_d251123
_umohamedma123
_n1
999 _c13721
_d13721